| 000 | 01045nam a2200277 i 4500 | ||
|---|---|---|---|
| 001 | 000013329 | ||
| 003 | DO-SdBNP | ||
| 005 | 20241126103637.0 | ||
| 007 | ta | ||
| 008 | 091123s1984 dr 001 0 spa d | ||
| 040 |
_aDO-SdBNP _bspa _cBNPHU _erda |
||
| 082 |
_axxxx _bR696 _222 |
||
| 100 | 1 |
_aRodríguez Demorizi, Emilio, _d1908-1986 _eautor _4aut. _91039 |
|
| 245 | 1 | 0 |
_aDiscurso pronunciado al recibir el premio anual de la Academia de Ciencias 1982 : _bpor el Lic. Pedro Troncoso Sánchez / _cEmilio Rodriguez Demorizi |
| 246 | 1 | 3 | _aMención de las ciencias en Santo Domingo / |
| 264 | 1 |
_aSanto Domingo : _bEditora Taller, _c1984 |
|
| 300 |
_a15 páginas _c23 cm. |
||
| 336 |
_atexto _btxt _2rdacontent |
||
| 337 |
_asin mediación _bn _2rdamedia |
||
| 338 |
_avolumen _bnc _2rdacarrier |
||
| 500 | _aSeparata del Anuario de la Academia de Ciencias de la República Dominicana, no. 7, 1983. | ||
| 590 | _aInventariado, 2023 / DG | ||
| 600 | 4 |
_aTroncoso Sánchez, Pedro _xProclamas y discursos _986833 |
|
| 910 | _aDG | ||
| 942 |
_2ddc _cLBS1 |
||
| 999 |
_c12958 _d12958 |
||